| 000 | 00667nam a2200181 i 4500 | ||
|---|---|---|---|
| 001 | 70690 | ||
| 003 | ES-MaACL | ||
| 005 | 20260303141307.0 | ||
| 007 | t| | ||
| 008 | 040802s1955 sp ||||1| spa d | ||
| 100 | 1 |
_aGarín Ortiz de Taranco, Felipe María. _955562 |
|
| 245 | 1 | 0 |
_aFelipe Mª Garín Ortíz de Taranco _b: catálogo-guía del Museo Provincial de Bellas Artes de San Carlos / _cFelipe Mª Garín Ortíz de Taranco. |
| 260 |
_aValencia : _bInstituto Alfonso el Magnánimo, _c1955. |
||
| 300 |
_aLX, 360 p., 26 lám. ; _c17 cm. |
||
| 710 | 2 |
_aInstitució Alfons el Magnànim _9173001 |
|
| 852 |
_aES-MaACL _jC-21224 _bR.49490 |
||
| 999 |
_c70690 _d70690 |
||